[Event "XVII Profigaia Open 2017"]
[Site "Gaia"]
[Date "2017.06.15"]
[Round "3"]
[White "Rocha, Nuno Miguel"]
[Black "Silva, Mariana Sofia T"]
[Result "0-1"]
[WhiteElo "1287"]
[BlackElo "1922"]
[Annotator "NA RC"]
[PlyCount "162"]
[EventDate "2017.??.??"]
[EventType "swiss"]
[EventCountry "POR"]
[SourceTitle "playchess.com"]
[Source "ChessBase"]
[SourceQuality "1"]
[TimeControl "5400+30"]

{[%evp 22,155,-28,32767,32767,32767,32767,32767,32767,32767,32767,32767,-25,32767,-12,-19,-2,-21,22,-120,-124,32767,32767,32767,-108,32767,0,-92,-91,-88,-3,-9,0,0,0,0,0,-87,-62,-57,-62,-64,-57,-88,-74,-132,-100,32767,-95,-96,32767,32767,243,245,219,32767,32767,32767,222,183,178,197,178,197,242,223,348,181,335,306,384,316,408,-1120,-696,-455,-1132,32767,32767,32767,-12837,-454,0,-5073,0,-972,0,0,0,-12842,-29980,32767,-29981,-29983,32767,-12847,-29985,-29984,-12847,-29984,-29984,-12849,-12849,-29985,-29986,32767,-29987,-29987,32767,32767,32767,32767,32767,32767,32767,32767,32767,32767,32767,32767,32767,32767,32767,32767,32767,32767,32767,32767,32767,32767,32767,32767,32767,32767,-29994,-29997]} 1. d4 {[%emt 0:00:00]} d5 {[%emt 0:00:07]} 2. Nc3 Nf6 {[%emt 0:00:12]} 3. Nf3 {[%emt 0:00:16]} e6 {[%emt 0:00:15]} 4. Bg5 {[%emt 0:00:17]} Be7 {[%emt 0:00:16]} 5. e3 {[%emt 0:00:48]} h6 {[%emt 0:00:26] D03: 1 d4 d5 2 Nf3 Nf6 3 Bg5, including Torre Attack with early ...d5} (5... Nbd7 6. Bd3 c5 7. O-O b6 8. Bb5 O-O 9. Ne2 Bb7 10. c3 Ne4 11. Bf4 a6 12. Bd3 g5 13. Bg3 Nxg3 14. hxg3 {½-½ (67) Velten,P (2429)-Tregubov,P (2616) Saint-Quentin 2014}) 6. Bf4 {[%emt 0:00:41]} c5 $146 {[%emt 0:00:54]} ({Predecessor:} 6... c6 7. Bd3 Nbd7 8. Qe2 O-O 9. e4 dxe4 10. Nxe4 Nd5 11. Bg3 c5 12. c3 cxd4 13. Nxd4 e5 14. Nf5 N7b6 15. Qg4 Bxf5 16. Qxf5 Ne3 17. Nf6+ {1-0 (17) Ramon Serrano,F (2014)-Boixader Arbo,X (1831) Llinars del Valles 2015}) 7. Bb5+ {[%emt 0:01:00]} Bd7 {[%emt 0:00:34]} 8. Bxd7+ {[%emt 0:00:49]} Qxd7 {[%emt 0:00:10]} 9. Ne5 {[%emt 0:00:25]} Qc7 {[%emt 0:01:06]} 10. O-O {[%emt 0:00:53]} Nc6 {[%emt 0:00:48]} 11. Nxc6 {[%emt 0:00:28]} Qxc6 {[%emt 0:00:18]} 12. Ne2 {[%emt 0:01:43]} O-O {[%emt 0:00:46]} 13. Be5 {[%emt 0:00:31]} Bd6 {[%emt 0:00:40]} 14. Bxd6 {[%emt 0:00:32]} Qxd6 {[%emt 0:00:08]} 15. h3 {[%emt 0:00:46]} Rfe8 {[%emt 0:01:13]} 16. c3 {[%emt 0:00:29]} Rac8 {[%emt 0:01:03]} 17. Ng3 {[%emt 0:01:52]} e5 {[%emt 0:02:20]} 18. Rc1 {[%emt 0:03:23]} Rcd8 {[%emt 0:01:07]} 19. Re1 {[%emt 0:03:14]} Ne4 {[%emt 0:00:36]} 20. Nf5 {[%emt 0:01:56] [#]} (20. Nxe4 $11 {remains equal.} dxe4 21. dxc5 Qxc5 22. Qa4) 20... Qf6 $1 {[%emt 0:01:04]} 21. Qg4 {[%emt 0:01:15]} exd4 {[%emt 0:00:41]} 22. cxd4 {[%emt 0:00:23]} cxd4 {[%emt 0:00:24]} 23. f3 {[%emt 0:03:49] [#]} Nd6 $2 {[%emt 0:02:28]} ({Black should try} 23... d3 $1 $19 {[%cal Rd3d2]} 24. Red1 h5 25. Qxg7+ Qxg7 26. Nxg7 Kxg7 27. fxe4 dxe4) 24. Nxd4 {[%emt 0:00:54]} (24. Nxd6 $11 Rxd6 25. Qxd4) 24... Nc4 {[%emt 0:00:58]} 25. Qf4 {[%emt 0:04:10]} Qxf4 {[%emt 0:00:20]} (25... Qb6 $1 $15 26. Nf5 Qxb2) 26. exf4 {[%emt 0:00:22]} Rxe1+ {[%emt 0:00:13]} 27. Rxe1 {[%emt 0:00:09]} Nxb2 {[%emt 0:00:20]} 28. Rb1 {[%emt 0:00:12]} Nd3 {[%emt 0:00:35]} 29. g3 {[%emt 0:00:23]} (29. Rxb7 $11 {keeps the balance.} Nxf4 30. Rxa7) 29... b6 {[%emt 0:00:24]} 30. Rb3 {[%emt 0:00:07]} Nc5 {[%emt 0:00:32]} 31. Re3 {[%emt 0:00:40]} Kf8 {[%emt 0:02:18]} 32. Nc6 {[%emt 0:02:11]} Rd7 {[%emt 0:00:55]} 33. Ne5 {[%emt 0:00:16]} Re7 {[%emt 0:01:08]} 34. Kf2 {[%emt 0:01:03]} d4 35. Re2 {[%emt 0:00:49]} d3 {[%emt 0:02:01]} 36. Rd2 {[%emt 0:00:27]} f6 $2 {[%emt 0:01:00]} (36... b5 $15) 37. Ng6+ {[%emt 0:00:21]} Ke8 {[%emt 0:01:03]} 38. Nxe7 {[%emt 0:00:12]} Kxe7 {[%emt 0:00:09]} 39. Ke3 {[%emt 0:00:08]} Ke6 {[%emt 0:01:12]} 40. Kd4 {[%emt 0:00:14]} Kd6 {[%emt 0:00:28]} 41. g4 {[%emt 0:01:14]} Ke6 {[%emt 0:00:39]} 42. f5+ {[%emt 0:00:18]} Kf7 {[%emt 0:00:20]} (42... Kd6 {was worth a try.} 43. Rd1 Kc6) 43. h4 {[%emt 0:00:20]} g6 {[%emt 0:00:38]} 44. Rg2 {[%emt 0:00:38]} (44. fxg6+ $142 Kxg6 45. Ke3) 44... g5 $2 {[%emt 0:00:34]} (44... gxf5 45. gxf5 h5) 45. hxg5 {[%emt 0:02:26]} hxg5 {[%emt 0:00:13]} 46. Kc3 {[%emt 0:00:09]} a5 {[%emt 0:00:24]} (46... Kg8 $142 47. Rh2 Kg7) 47. Rb2 $4 {[%emt 0:00:11]} (47. Kd4 $18 Ke7 48. Rb2) 47... Na4+ {[%emt 0:00:51]} 48. Kb3 {[%emt 0:00:21]} Nxb2 {[%emt 0:00:20]} 49. Kxb2 {[%emt 0:00:06]} d2 {[%emt 0:00:07]} 50. Kc2 {[%emt 0:00:01] [#]} d1=Q+ $1 {[%emt 0:00:47]} 51. Kxd1 {[%emt 0:00:21] [#]} Ke7 $2 {[%emt 0:00:16]} (51... b5 $1 $19 52. Kd2 Ke7 $1 $19 53. Kc3 Kd6) 52. Kd2 $2 {[%emt 0:00:13] [#]} (52. a4 $11) 52... Kd6 $2 {[%emt 0:00:49]} 53. Kd3 $2 {[%emt 0:00:20]} (53. a4 $11) 53... Kd5 $2 {[%emt 0:00:30]} (53... a4 $19 54. Kd4 b5) 54. Ke3 {[%emt 0:02:59]} Ke5 {[%emt 0:00:51]} 55. a3 $2 {[%emt 0:00:12]} (55. a4 $11) 55... b5 {[%emt 0:00:17]} 56. Kd3 {[%emt 0:03:41]} Kf4 {[%emt 0:00:24]} 57. Ke2 {[%emt 0:00:08]} b4 {[%emt 0:00:24]} 58. a4 {[%emt 0:01:03]} b3 {[%emt 0:00:12]} 59. Kd2 {[%emt 0:01:06]} b2 {[%emt 0:00:21]} 60. Kc2 {[%emt 0:00:05] [#]} b1=Q+ $1 61. Kxb1 Kxf3 {[%emt 0:01:10]} 62. Kc2 {[%emt 0:00:37]} Kxg4 {[%emt 0:00:24]} 63. Kd3 {[%emt 0:00:08]} Kxf5 {[%emt 0:00:17]} 64. Ke3 {[%emt 0:00:10]} Ke5 {[%emt 0:00:56]} 65. Kf3 {[%emt 0:00:14]} f5 {[%emt 0:00:18]} 66. Kg3 {[%emt 0:00:18]} f4+ {[%emt 0:00:29]} 67. Kf2 {[%emt 0:00:33]} g4 {[%emt 0:00:19]} 68. Kg2 {[%emt 0:00:08]} f3+ {[%emt 0:00:47]} 69. Kf2 {[%emt 0:00:22]} Kd4 {[%emt 0:00:50]} 70. Kf1 {[%emt 0:00:27]} Kc4 {[%emt 0:00:25]} 71. Kf2 {[%emt 0:00:09]} Kb4 {[%emt 0:00:16]} 72. Kg3 {[%emt 0:00:24]} Kxa4 {[%emt 0:00:17]} 73. Kf2 {[%emt 0:00:08]} Kb3 {[%emt 0:00:19]} 74. Kf1 {[%emt 0:00:48]} Kb2 {[%emt 0:00:11]} 75. Kf2 {[%emt 0:00:07]} a4 {[%emt 0:00:15]} 76. Ke3 {[%emt 0:00:45]} a3 {[%emt 0:00:23]} 77. Kf2 {[%emt 0:00:44]} a2 {[%emt 0:00:31]} 78. Kf1 {[%emt 0:00:20]} a1=Q+ {[%emt 0:00:24]} 79. Kf2 {[%emt 0:00:04]} Qa7+ {[%emt 0:01:28]} 80. Ke1 {[%emt 0:00:45]} Kc3 {[%emt 0:00:24]} 81. Kf1 {[%emt 0:00:26]} Qa2 {[%emt 0:00:20]} 0-1

[Event "XVII Profigaia Open 2017"]
[Site "Gaia"]
[Date "2017.06.15"]
[Round "3"]
[White "Triunfante, Armando"]
[Black "Catarro, Jose Joao Dias"]
[Result "0-1"]
[WhiteElo "1231"]
[BlackElo "1833"]
[Annotator "NA RC"]
[PlyCount "90"]
[EventDate "2017.??.??"]
[EventType "swiss"]
[EventCountry "POR"]
[SourceTitle "playchess.com"]
[Source "ChessBase"]
[SourceQuality "1"]
[TimeControl "5400+30"]

{[%evp 22,90,-14,-15,-11,-42,-13,-82,-78,-87,-91,-93,-48,-49,32767,-41,32767,-74,-49,-67,-33,32767,-54,-64,-61,-65,-52,-57,-43,-90,-66,32767,32767,32767,32767,32767,32767,-41,-12,-19,-4,-37,-31,-94,-71,-106,-106,-104,32767,32767,32767,32767,32767,32767,32767,32767,32767,32767,32767,32767,32767,-962,-1780,-836,-2066,-1604,-1882,-5739,-1342,-1051,-29982]} 1. e4 {[%emt 0:00:00]} d5 {[%emt 0:00:08]} 2. exd5 {[%emt 0:00:00]} Qxd5 {[%emt 0:00:14]} 3. Nc3 {[%emt 0:00:00]} Qd6 {[%emt 0:00:06]} 4. Nf3 {[%emt 0:01:11]} a6 {[%emt 0:01:15] B01: Scandinavian Defence} (4... Nf6 5. h3 g6 6. Bc4 Bg7 7. d3 O-O 8. O-O a6 9. a4 c5 10. Re1 Nc6 11. Ne4 Nxe4 12. dxe4 Nd4 {1-0 (53) Anton Guijarro,D (2627)-Vakhidov,J (2578) Almaty 2016}) 5. Be2 {[%emt 0:00:56]} Nf6 {[%emt 0:00:21]} 6. h3 {[%emt 0:00:47]} b5 {[%emt 0:00:55]} 7. a3 {[%emt 0:01:50]} Bb7 {[%emt 0:00:07]} 8. d4 {[%emt 0:02:25]} e6 {[%emt 0:02:03]} 9. Be3 {[%emt 0:01:07]} Be7 {[%emt 0:00:12]} 10. Qd2 {[%emt 0:01:45]} O-O {[%emt 0:00:46]} 11. O-O {[%emt 0:01:47]} Nbd7 {[%emt 0:02:09]} 12. Bf4 {[%emt 0:05:08]} Qb6 {[%emt 0:02:06]} 13. Rad1 {[%emt 0:04:47]} Rad8 {[%emt 0:01:15]} 14. Na2 $146 {[%emt 0:03:51]} (14. b4 $11) ({Predecessor:} 14. Qc1) 14... c5 {[%emt 0:04:01]} 15. c3 {[%emt 0:03:38]} Bd5 {[%emt 0:02:34]} 16. Nc1 {[%emt 0:04:32]} Ne4 {[%emt 0:03:36]} 17. Qe3 {[%emt 0:04:03]} cxd4 {[%emt 0:02:32]} 18. cxd4 {[%emt 0:03:55]} Ndf6 {[%emt 0:24:04]} 19. Nd2 {[%emt 0:03:40]} Rc8 {[%emt 0:05:03]} 20. Nxe4 {[%emt 0:03:34]} Bxe4 {[%emt 0:01:01]} 21. Bd3 {[%emt 0:04:59]} Bxd3 {[%emt 0:04:24]} 22. Nxd3 {[%emt 0:02:19]} Nd5 {[%emt 0:02:29]} 23. Qe4 {[%emt 0:05:20]} Rfd8 {[%emt 0:04:08]} 24. Be3 {[%emt 0:03:02]} a5 {[%emt 0:03:32]} 25. Nf4 {[%emt 0:04:12]} Bf6 {[%emt 0:05:10]} 26. Rc1 {[%emt 0:06:33]} Nxf4 {[%emt 0:10:03]} 27. Qxf4 {[%emt 0:00:37]} Qb8 {[%emt 0:01:38]} 28. Qxb8 {[%emt 0:02:17]} Rxb8 {[%emt 0:00:11]} 29. Rfd1 {[%emt 0:03:19]} b4 {[%emt 0:01:55]} 30. a4 {[%emt 0:01:49]} Rd5 {[%emt 0:01:55]} 31. b3 {[%emt 0:01:02]} Rbd8 {[%emt 0:00:16]} 32. Rc4 {[%emt 0:00:48]} (32. f4 $15) 32... e5 {[%emt 0:01:38]} 33. Kf1 {[%emt 0:06:08]} exd4 {[%emt 0:00:12]} 34. Bf4 {[%emt 0:00:35]} d3 {[%emt 0:00:47]} 35. Ke1 {[%emt 0:02:53]} Rd4 {[%emt 0:04:00]} 36. Bc7 {[%emt 0:01:11]} Rxc4 {[%emt 0:01:38]} 37. Bxd8 {[%emt 0:00:35]} Re4+ {[%emt 0:00:14]} 38. Kf1 {[%emt 0:01:37]} Bxd8 {[%emt 0:00:02]} 39. Rxd3 {[%emt 0:00:23]} Re8 {[%emt 0:00:27]} 40. f3 {[%emt 0:00:41]} Bh4 {[%emt 0:00:42]} 41. Kg1 {[%emt 0:01:13]} Bg3 {[%emt 0:01:35]} 42. Rd1 {[%emt 0:01:00]} h5 {[%emt 0:00:14]} 43. Rb1 {[%emt 0:01:31]} Re3 {[%emt 0:00:12]} 44. f4 {[%emt 0:01:08]} f5 {[%emt 0:02:06]} 45. Rf1 {[%emt 0:00:24]} Rxb3 {[%emt 0:00:19]} 0-1

[Event "XVII Profigaia Open 2017"]
[Site "Gaia"]
[Date "2017.06.15"]
[Round "3"]
[White "Couto, Gaspar Sousa"]
[Black "Brandao, Alvaro Sousa"]
[Result "0-1"]
[WhiteElo "1182"]
[BlackElo "1605"]
[Annotator "NA RC"]
[PlyCount "119"]
[EventDate "2017.??.??"]
[EventType "swiss"]
[EventCountry "POR"]
[SourceTitle "playchess.com"]
[Source "ChessBase"]
[SourceQuality "1"]
[TimeControl "5400+30"]

1. e4 {[%emt 0:00:00]} c5 {[%emt 0:00:10]} 2. Nf3 {[%emt 0:00:04]} d6 {[%emt 0:00:06]} 3. d4 {[%emt 0:00:18]} cxd4 {[%emt 0:00:05]} 4. Nxd4 {[%emt 0:00:27]} Nf6 {[%emt 0:00:05]} 5. Nc3 {[%emt 0:00:23]} a6 {[%emt 0:00:38]} 6. Be3 {[%emt 0:00:15]} e5 {[%emt 0:00:32]} 7. Nb3 {[%emt 0:00:25]} Be6 {[%emt 0:00:21]} 8. Be2 {[%emt 0:00:29]} Be7 {[%emt 0:00:29]} 9. Qd2 {[%emt 0:00:27]} O-O {[%emt 0:01:32]} 10. O-O-O {[%emt 0:00:37]} Nbd7 {[%emt 0:02:55]} 11. g3 {[%emt 0:01:26]} b5 {[%emt 0:04:21]} 12. f4 {[%emt 0:00:08]} Bxb3 {[%emt 0:08:41]} 13. axb3 {[%emt 0:01:10]} Qa5 {[%emt 0:07:53]} 14. Kb1 Qc7 {[%emt 0:09:29]} 15. Bf3 {[%emt 0:07:48]} Rfd8 {[%emt 0:06:36]} 16. f5 {[%emt 0:00:39]} b4 {[%emt 0:12:36]} 17. Na4 {[%emt 0:00:28]} a5 {[%emt 0:01:45]} 18. g4 {[%emt 0:01:20]} Nc5 {[%emt 0:00:39]} 19. Nxc5 {[%emt 0:02:48]} dxc5 {[%emt 0:00:43]} 20. Qg2 {[%emt 0:00:52]} Ne8 {[%emt 0:07:34]} 21. h4 {[%emt 0:01:26]} a4 {[%emt 0:00:18]} 22. Rxd8 {[%emt 0:00:47]} Bxd8 {[%emt 0:01:14]} 23. Be2 {[%emt 0:02:43]} axb3 {[%emt 0:00:39]} 24. cxb3 {[%emt 0:00:17]} Nd6 {[%emt 0:04:14]} 25. g5 {[%emt 0:00:14]} f6 {[%emt 0:00:12]} 26. Rc1 {[%emt 0:01:27]} Ra5 {[%emt 0:01:45]} 27. Bd2 {[%emt 0:00:55]} Qa7 {[%emt 0:00:38]} 28. Be3 {[%emt 0:02:24]} Ra1+ {[%emt 0:03:53]} 29. Kc2 {[%emt 0:00:08]} Rxc1+ {[%emt 0:00:16]} 30. Bxc1 {[%emt 0:01:24]} Qb7 {[%emt 0:01:45]} 31. Bd3 {[%emt 0:01:03]} Nxf5 {[%emt 0:00:40]} 32. Qg4 {[%emt 0:03:34]} Nd4+ {[%emt 0:00:29]} 33. Kd1 {[%emt 0:00:22]} Kh8 {[%emt 0:04:15]} 34. Bc4 {[%emt 0:00:48]} Qe7 {[%emt 0:04:54]} 35. gxf6 {[%emt 0:00:34]} Qxf6 {[%emt 0:00:01]} 36. Bg5 {[%emt 0:00:18]} Qf8 37. Bd5 {[%emt 0:01:38]} Bxg5 {[%emt 0:00:54]} 38. hxg5 {[%emt 0:01:17]} Qf3+ {[%emt 0:00:15]} 39. Qxf3 {[%emt 0:00:42]} Nxf3 {[%emt 0:00:02]} 40. g6 {[%emt 0:00:31]} hxg6 {[%emt 0:01:19]} 41. Be6 {[%emt 0:04:51]} Nd4 {[%emt 0:02:37]} 42. Bd7 {[%emt 0:01:58]} Nxb3 {[%emt 0:01:11]} 43. Kc2 {[%emt 0:00:21]} c4 {[%emt 0:01:19]} 44. Be8 {[%emt 0:03:55]} Kh7 {[%emt 0:01:14]} 45. Bf7 {[%emt 0:00:11]} Na5 {[%emt 0:00:58]} 46. Kd2 {[%emt 0:00:52]} g5 {[%emt 0:01:17]} 47. Be6 {[%emt 0:00:37]} g6 {[%emt 0:00:53]} 48. Ke2 {[%emt 0:00:49]} Kh6 {[%emt 0:00:25]} 49. Bg4 {[%emt 0:00:54]} Kg7 {[%emt 0:00:10]} 50. Ke3 {[%emt 0:00:01]} Kf6 {[%emt 0:01:16]} 51. Ke2 {[%emt 0:00:21]} Nb3 52. Bd7 {[%emt 0:01:11]} Nc5 {[%emt 0:01:39]} 53. Bb5 {[%emt 0:01:24]} c3 {[%emt 0:01:09]} 54. b3 {[%emt 0:03:31]} Nxb3 {[%emt 0:01:18]} 55. Bc4 {[%emt 0:00:34]} Nd4+ {[%emt 0:00:13]} 56. Kd3 {[%emt 0:00:53]} c2 {[%emt 0:00:37]} 57. Kd2 {[%emt 0:00:08]} b3 {[%emt 0:00:49]} 58. Kc1 {[%emt 0:00:52]} g4 {[%emt 0:00:38]} 59. Kd2 {[%emt 0:01:15]} b2 60. Bd3 {[%emt 0:01:04]} 0-1

[Event "XVII Profigaia Open 2017"]
[Site "Gaia"]
[Date "2017.06.15"]
[Round "3"]
[White "Borges, Afonso Maria De Alm"]
[Black "Sismeiro, Miguel"]
[Result "0-1"]
[WhiteElo "1124"]
[BlackElo "1528"]
[Annotator "NA RC"]
[PlyCount "46"]
[EventDate "2017.??.??"]
[EventType "swiss"]
[EventCountry "POR"]
[SourceTitle "playchess.com"]
[Source "ChessBase"]
[SourceQuality "1"]
[TimeControl "5400+30"]

1. e4 {[%emt 0:00:00]} e5 {[%emt 0:00:32]} 2. Nf3 {[%emt 0:00:07]} Nc6 {[%emt 0:00:21]} 3. Bc4 {[%emt 0:00:13]} Bc5 {[%emt 0:00:06]} 4. c3 {[%emt 0:00:40]} Nf6 {[%emt 0:00:44]} 5. d4 {[%emt 0:00:09]} exd4 {[%emt 0:00:12]} 6. e5 {[%emt 0:00:47]} d5 {[%emt 0:00:20]} 7. Bb5 {[%emt 0:01:03]} Ne4 {[%emt 0:01:31]} 8. cxd4 {[%emt 0:00:42]} Bb6 {[%emt 0:00:00]} 9. Be3 {[%emt 0:00:40]} O-O {[%emt 0:00:02]} 10. Nc3 {[%emt 0:00:08]} Bg4 {[%emt 0:00:34]} 11. Qc2 {[%emt 0:00:51]} Bf5 {[%emt 0:00:37]} 12. Qb3 {[%emt 0:00:29]} Ne7 {[%emt 0:00:29]} 13. O-O {[%emt 0:00:16]} c6 {[%emt 0:00:22]} 14. Be2 {[%emt 0:00:32]} f6 {[%emt 0:01:36]} 15. Rad1 {[%emt 0:03:54]} fxe5 {[%emt 0:03:25]} 16. Nxe5 {[%emt 0:00:39]} Ng6 {[%emt 0:00:21]} 17. f4 Nxe5 {[%emt 0:02:35]} 18. fxe5 {[%emt 0:03:55]} Kh8 {[%emt 0:01:29]} 19. Bd3 {[%emt 0:01:21]} Nxc3 {[%emt 0:04:34]} 20. bxc3 {[%emt 0:01:30]} Bxd3 {[%emt 0:01:02]} 21. Rxd3 {[%emt 0:00:28]} Rxf1+ {[%emt 0:00:08]} 22. Kxf1 {[%emt 0:00:13]} Qh4 {[%emt 0:00:15]} 23. Kg1 {[%emt 0:00:41]} Qe1# {[%emt 0:01:12] Kf1 Qh4 Kg1 Qe1#} 0-1

[Event "XVII Profigaia Open 2017"]
[Site "Gaia"]
[Date "2017.06.16"]
[Round "4"]
[White "Silva, Luis Neves Da"]
[Black "Margarido, Jose Miguel Teixeir"]
[Result "1-0"]
[WhiteElo "2317"]
[BlackElo "2038"]
[Annotator "TA"]
[PlyCount "43"]
[EventDate "2017.??.??"]
[EventType "swiss"]
[EventCountry "POR"]
[SourceTitle "playchess.com"]
[Source "ChessBase"]
[SourceQuality "1"]

{[%evp 24,43,42,50,45,45,455,442,466,449,464,451,535,479,617,604,676,662,668,654,663,654]} 1. d4 Nf6 2. Nf3 e6 3. c4 Bb4+ 4. Nbd2 b6 5. a3 Bxd2+ 6. Qxd2 Bb7 7. e3 O-O 8. Be2 Ne4 9. Qc2 f5 10. b4 d6 11. Bb2 Nd7 12. O-O Qe7 13. Ne1 {[%cal Bf3e1,Be1d3,Bd3f2,Bf2e4][%mdl 32]} Qg5 {E14: Queen's Indian: Classical Variation (4 e3)} (13... Qh4 14. f3 Ng5 15. d5 e5 16. f4 Ne4 17. Nf3 Qe7 18. Bd3 c6 19. fxe5 cxd5 20. cxd5 Bxd5 21. Bc4 Bxc4 22. Qxc4+ {1-0 (33) Van Wely,L (2618)-Zarzo Lopez,T (2281) Kallithea 2008}) 14. Rd1 $146 ({Predecessor:} 14. Nf3 Qg6 15. c5 bxc5 16. dxc5 dxc5 17. bxc5 Bd5 18. c6 Ndf6 19. Ne5 Qg5 20. Nf3 Qg6 21. Ne5 {1-0 (79) De Borba,G (2127)-Lemos,D (2220) Tres Barras 2016}) 14... Nd2 $2 {[%mdl 8192] [#]} (14... a5 $14) 15. Qxd2 {White is clearly winning.} Nf6 16. f3 Qh4 17. Nd3 g5 18. Nf2 Nd7 19. e4 Rae8 20. d5 e5 21. exf5 Rxf5 22. Ne4 1-0

[Event "XVII Profigaia Open 2017"]
[Site "Gaia"]
[Date "2017.06.16"]
[Round "4"]
[White "Padeiro, Jose"]
[Black "Petkov, Vladimir"]
[Result "1/2-1/2"]
[WhiteElo "2271"]
[BlackElo "2484"]
[Annotator "TA"]
[PlyCount "69"]
[EventDate "2017.??.??"]
[EventType "swiss"]
[EventCountry "POR"]
[SourceTitle "playchess.com"]
[Source "ChessBase"]
[SourceQuality "1"]

{[%evp 24,69,-2,-17,31,35,52,43,49,41,58,43,48,58,78,68,124,124,149,149,149,139,164,162,159,149,149,149,168,163,161,123,184,166,254,262,246,221,256,217,255,182,174,165,171,160,148,143]} 1. d4 Nf6 2. c4 e6 3. Nc3 Bb4 4. e3 O-O 5. Bd3 d5 6. Nf3 c5 7. O-O Nc6 8. a3 Bxc3 9. bxc3 Qc7 10. Bb2 {E58: Nimzo-Indian: Rubinstein: Main Line: 7...Nc6 8 a3 Bxc3} Na5 (10... dxc4 11. Bxc4 e5 12. h3 Bf5 13. Qe2 Rad8 14. Bb5 e4 15. Nd2 Bg6 16. Nb3 Bh5 17. g4 Bg6 18. Nxc5 h5 19. f4 exf3 20. Qxf3 hxg4 21. hxg4 {0-1 (30) Korobov,A (2687)-Hou,Y (2649) Bastia 2016}) 11. cxd5 exd5 12. Ne5 c4 13. Bc2 {LiveBook: 29 Games} Nc6 (13... Ne4 {is more complex.} 14. f3 Nd6 15. Qb1 g6 16. a4 f6) 14. Nxc6 Qxc6 15. f3 Re8 16. Qd2 Bd7 17. Rae1 $146 ({Predecessor:} 17. Qf2 Qb6 {1-0 (31) Geller,E-Nikitin,A Kislovodsk 1966}) 17... Re6 18. Qf2 Rf8 19. a4 g6 {[#]} (19... h6 $14) 20. e4 $1 $16 {[%cal Be3e4,Be4e5][%mdl 544]} Rfe8 (20... dxe4 21. fxe4) 21. e5 Nh5 22. f4 f5 23. Ba3 Ng7 24. Bc5 b6 25. Bb4 a5 26. Ba3 Rb8 27. Rb1 Ree8 (27... Qa8 $16 {was necessary.} 28. Qh4 Rb7) 28. Rb2 $18 Ne6 (28... b5 {was worth a try.} 29. Rfb1 b4) 29. Rfb1 Rb7 30. h3 Nc7 31. Bd6 Rc8 32. Qf3 Ne8 {White is clearly better.} 33. Ba3 Qe6 34. Kh2 Rcb8 35. Rg1 {Precision: White = 69%, Black = 33%.} 1/2-1/2

[Event "XVII Profigaia Open 2017"]
[Site "Gaia"]
[Date "2017.06.16"]
[Round "4"]
[White "Guimaraes, Rui"]
[Black "Antao, Jorge"]
[Result "1-0"]
[WhiteElo "2141"]
[BlackElo "1873"]
[Annotator "TA"]
[PlyCount "43"]
[EventDate "2017.??.??"]
[EventType "swiss"]
[EventCountry "POR"]
[SourceTitle "playchess.com"]
[Source "ChessBase"]
[SourceQuality "1"]

{[%evp 14,43,-12,-10,31,16,23,-71,20,0,0,0,0,0,16,11,285,139,435,283,450,453,733,739,728,703,885,905,812,516,695,689]} 1. f4 Nf6 2. Nf3 g6 3. d3 Bg7 4. e4 d6 5. Be2 O-O 6. O-O {B07: Pirc Defence: Miscellaneous Systems} c5 7. Qe1 Nc6 8. c3 {LiveBook: 11 Games. The position is equal.} (8. Qh4 Bg4 9. Bd1 e6 10. Nbd2 Nd4 11. Nxd4 Bxd1 12. Nxe6 fxe6 13. Rxd1 Nxe4 14. Qxd8 {½-½ (58) Fedorov,A (2563)-Mamedov,R (2650) Minsk 2015}) 8... Bg4 (8... c4 $5) 9. Qh4 Rb8 $146 ({Predecessor:} 9... Qd7 10. Nbd2 Nh5 11. Nc4 Bf6 12. Qf2 b5 13. Na3 {1-0 (30) Lindner,J (2140)-Huss,B (2122) Vilnius 2014}) 10. f5 (10. a4 $11 {remains equal.}) 10... b5 (10... gxf5 $17 11. exf5 Qd7) 11. Bh6 Bxf3 12. Rxf3 b4 13. Rh3 Ne5 14. g4 {[#] Black must now prevent g5.} Qb6 $2 {[%mdl 8192]} (14... Bxh6 $11 {and Black stays safe.} 15. Qxh6 g5) 15. c4 (15. g5 $18 {and White stays clearly on top.} c4+ 16. d4 bxc3 17. bxc3 (17. gxf6 cxb2 18. Be3 Nf3+ 19. Bxf3 h5 $19)) 15... d5 $2 {[%mdl 8192]} (15... Bxh6 $16 16. Qxh6 g5) 16. exd5 ({Don't take} 16. Bxg7 Kxg7 17. g5 (17. exd5 Rh8 $18) 17... Rh8 $18) 16... Ned7 (16... gxf5 $142 17. Bxg7 (17. gxf5 Bxh6 18. Qxh6 Kh8 $16) 17... Kxg7) 17. Nd2 $18 {White is clearly winning.} Rfe8 (17... Bxh6 $142 18. Qxh6 gxf5) 18. Bxg7 Kxg7 19. Qh6+ Kg8 20. g5 Nf8 21. gxf6 exf6 22. Ne4 {Precision: White = 33%, Black = 32%.} 1-0

[Event "XVII Profigaia Open 2017"]
[Site "Gaia"]
[Date "2017.06.16"]
[Round "4"]
[White "Quinta, Daniel"]
[Black "De Sousa Da Silva, Armando"]
[Result "1-0"]
[WhiteElo "2064"]
[BlackElo "1926"]
[Annotator "NA RC"]
[PlyCount "37"]
[EventDate "2017.??.??"]
[EventType "swiss"]
[EventCountry "POR"]
[SourceTitle "playchess.com"]
[Source "ChessBase"]
[SourceQuality "1"]
[TimeControl "5400+30"]

{[%evp 8,36,42,24,32767,32767,32767,32767,54,29,96,108,118,78,117,44,136,107,209,234,238,49,138,162,162,129,251,263,657,693,648]} 1. e4 {[%emt 0:22:08]} e6 {[%emt 0:00:42]} 2. c4 {[%emt 0:00:10]} c5 {[%emt 0:00:04]} 3. Nc3 {[%emt 0:00:44]} Nc6 {[%emt 0:00:10]} 4. Nf3 {[%emt 0:00:20]} Qc7 {[%emt 0:05:25]} 5. g3 {[%emt 0:00:40]} Nf6 {[%emt 0:02:08]} 6. Bg2 {[%emt 0:00:40]} Be7 {[%emt 0:00:35]} 7. O-O {[%emt 0:00:22]} a6 {[%emt 0:01:09]} 8. d3 {[%emt 0:00:21]} Rb8 {[%emt 0:04:17] [#]} (8... d6 $14) 9. e5 $1 {[%emt 0:02:52]} Ng8 {[%emt 0:01:32]} 10. a4 {[%emt 0:04:20]} f6 {[%emt 0:05:07] [#]} 11. Re1 {[%emt 0:11:16]} (11. Bf4 $1 $16 f5 12. d4 Nxd4 13. Nxd4 cxd4 14. Qxd4) 11... f5 {[%emt 0:13:14]} (11... fxe5 $14 12. Nxe5 Nf6) 12. Bf4 {[%emt 0:13:55]} g6 {[%emt 0:04:42]} (12... b6 $16) 13. Nd5 {[%emt 0:14:08]} Qd8 {[%emt 0:04:00]} 14. Nf6+ $2 {[%emt 0:06:34]} (14. Nxe7 $18 Ngxe7 15. Bg5) 14... Kf8 {[%emt 0:02:22]} (14... Nxf6 $14 15. exf6 Bxf6) 15. d4 cxd4 {[%emt 0:17:03]} 16. Nxd4 {[%emt 0:01:26]} Nxd4 {[%emt 0:04:00]} (16... Ra8 $16) 17. Qxd4 {[%emt 0:00:09]} Nxf6 $18 {[%emt 0:00:33]} (17... b6 18. Red1 h6 19. Nxd7+ Bxd7) 18. exf6 {[%emt 0:01:01]} Bxf6 {[%emt 0:00:07]} 19. Qd6+ {[%emt 0:01:51]} 1-0